PRAGYAKOONH (A COMMEMERATIVE VOL.ON OCCASION OF PLATINUM JUBLEE OF KONWERPUR SCHOOL) (Record no. 8966)
[ view plain ]
| 000 -LEADER | |
|---|---|
| fixed length control field | 00480cam a2200169ua 4500 |
| 008 - FIXED-LENGTH DATA ELEMENTS--GENERAL INFORMATION | |
| fixed length control field | 161103n II |||gr||||Z||||||eng |
| 040 ## - CATALOGING SOURCE | |
| Original cataloging agency | MAIN |
| 041 ## - LANGUAGE CODE | |
| -- | English |
| 082 ## - DEWEY DECIMAL CLASSIFICATION NUMBER | |
| Classification number | 080 NEO |
| 100 ## - MAIN ENTRY--PERSONAL NAME | |
| Personal name | NEOG,AJIT KR. (ed./). |
| 245 ## - TITLE STATEMENT | |
| Title | PRAGYAKOONH (A COMMEMERATIVE VOL.ON OCCASION OF PLATINUM JUBLEE OF KONWERPUR SCHOOL) |
| 260 ## - PUBLICATION, DISTRIBUTION, ETC. | |
| Place of publication, distribution, etc. | KONWERPUR,SIBSAGAR: |
| Name of publisher, distributor, etc. | CELEBRATION COMMITEE., |
| Date of publication, distribution, etc. | 2007. |
| 300 ## - PHYSICAL DESCRIPTION | |
| Extent | 236.: |
| Dimensions | 22CM. |
| 942 ## - ADDED ENTRY ELEMENTS (KOHA) | |
| Koha item type | Books |
| 653 ## - INDEX TERM--UNCONTROLLED | |
| Uncontrolled term | General collections |
| Withdrawn status | Lost status | Damaged status | Not for loan | Collection code | Home library | Current library | Shelving location | Date acquired | Full call number | Barcode | Date last seen | Copy number | Price effective from | Koha item type |
|---|---|---|---|---|---|---|---|---|---|---|---|---|---|---|
| TBSOC | Central Library and Information Centre Sibsagar Girls College | Central Library and Information Centre Sibsagar Girls College | Location Not Found | 01.08.2006 | 080 NEO | 21357 | 27.02.2020 | 1 | 27.02.2020 | Books |